<?xml version="1.0" encoding="UTF-8"?>
<collection xmlns="http://www.loc.gov/MARC21/slim">
    <record>
        <controlfield tag="001">11047</controlfield>
        <controlfield tag="005">20170831220450.0</controlfield>
        <datafield tag="037" ind1=" " ind2=" ">
            <subfield code="a">TAZ-TFM-2013-204</subfield>
        </datafield>
        <datafield tag="041" ind1=" " ind2=" ">
            <subfield code="a">spa</subfield>
        </datafield>
        <datafield tag="100" ind1="1" ind2=" ">
            <subfield code="a">Chéliz Inglés, Mª Carmen</subfield>
        </datafield>
        <datafield tag="245" ind1="0" ind2="0">
            <subfield code="a">La mediación internacional en el marco jurídico europeo y nacional: estudio de la Directiva 2008/52/CE y de la Ley 5/2012</subfield>
        </datafield>
        <datafield tag="260" ind1=" " ind2=" ">
            <subfield code="a">Zaragoza</subfield>
            <subfield code="b">Universidad de Zaragoza</subfield>
            <subfield code="c">2013</subfield>
        </datafield>
        <datafield tag="506" ind1=" " ind2=" ">
            <subfield code="a">by-nc-sa</subfield>
            <subfield code="b">Creative Commons</subfield>
            <subfield code="c">3.0</subfield>
            <subfield code="u">http://creativecommons.org/licenses/by-nc-sa/3.0/</subfield>
        </datafield>
        <datafield tag="520" ind1=" " ind2=" ">
            <subfield code="a">El objetivo del presente trabajo consiste en realizar una aproximación a la mediación civil y mercantil, desde una perspectiva internacional privatista. Con este fin se van a abordar, en un primer capítulo introductorio, cuestiones básicas como la delimitación del concepto de mediación y sus diferencias con otros mecanismos de resolución de conflictos, para posteriormente analizar qué se entiende por mediación internacional y por mediación transfronteriza, términos que aunque habitualmente se confundan, no hacen referencia a la misma realidad. A su vez, se va a realizar un estudio sobre el complejo marco jurídico en que se encuadra la mediación, prestando especial atención a la Ley Modelo de la CNUDMI sobre conciliación comercial internacional (UNCITRAL), a la Directiva 2008/52/CE, a la Ley 5/2012 de mediación en asuntos civiles y mercantiles, y a las diferentes legislaciones autonómicas que regulan la mediación familiar en el ordenamiento jurídico español. Finalmente, se pondrán de manifiesto los numerosos problemas conflictuales que se plantean en el marco de una mediación internacional</subfield>
        </datafield>
        <datafield tag="521" ind1=" " ind2=" ">
            <subfield code="a">Máster Universitario en Especialización e Investigación en Derecho</subfield>
        </datafield>
        <datafield tag="540" ind1=" " ind2=" ">
            <subfield code="a">Derechos regulados por licencia Creative Commons</subfield>
        </datafield>
        <datafield tag="653" ind1="1" ind2=" ">
            <subfield code="a">mediación internacional</subfield>
        </datafield>
        <datafield tag="653" ind1="1" ind2=" ">
            <subfield code="a">directiva 2008/52/ce</subfield>
        </datafield>
        <datafield tag="653" ind1="1" ind2=" ">
            <subfield code="a">ley 5/2012</subfield>
        </datafield>
        <datafield tag="700" ind1=" " ind2=" ">
            <subfield code="a">Diago Diago, María del Pilar</subfield>
            <subfield code="e">dir.</subfield>
        </datafield>
        <datafield tag="710" ind1="2" ind2=" ">
            <subfield code="a">Universidad de Zaragoza</subfield>
            <subfield code="b">Derecho Privado</subfield>
            <subfield code="c">Derecho Internacional Privado</subfield>
        </datafield>
        <datafield tag="856" ind1="0" ind2=" ">
            <subfield code="f">576228@celes.unizar.es</subfield>
        </datafield>
        <datafield tag="856" ind1="4" ind2=" ">
            <subfield code="s">450458</subfield>
            <subfield code="u">http://zaguan.unizar.es/record/11047/files/TAZ-TFM-2013-204_ANE.pdf</subfield>
            <subfield code="y">Anexos (spa)</subfield>
        </datafield>
        <datafield tag="856" ind1="4" ind2=" ">
            <subfield code="s">976665</subfield>
            <subfield code="u">http://zaguan.unizar.es/record/11047/files/TAZ-TFM-2013-204.pdf</subfield>
            <subfield code="y">Memoria (spa)</subfield>
        </datafield>
        <datafield tag="909" ind1="C" ind2="O">
            <subfield code="o">oai:zaguan.unizar.es:11047</subfield>
            <subfield code="p">trabajos-fin-master</subfield>
            <subfield code="p">driver</subfield>
        </datafield>
        <datafield tag="950" ind1=" " ind2=" ">
            <subfield code="a"></subfield>
        </datafield>
        <datafield tag="980" ind1=" " ind2=" ">
            <subfield code="a">TAZ</subfield>
            <subfield code="b">TFM</subfield>
            <subfield code="c">DER</subfield>
        </datafield>
    </record>

    
</collection>